000 01669cam a22002294a 4500
005 20250605163942.0
008 250528s ||||||||||||||||||||||||d
035 _a15075
020 _a471626201
040 _aGR-AtMCL
_bgre
_dGR-AtMCL
_eAACR2
245 1 _aInternational Accounting and Multinational Enterprises / Second Edition
250 _a2nd
260 _bJohn Wiley & Sons,
_c1985
300 _a370
505 0 _aAn Overview of International Accounting and International Business, Environmental Influences on Accounting Systems and Practices, Accounting for Changing Prices, The World of Foreign Exchange, Accounting in Foreign Currency: Transactions and Translation, Additional Translation and Reporting Issues, Taxation and Transfer Pricing, Management Accounting Issues and Practices, Internal and External Audits Worldwide, Accounting Standards and Standard-Setting Process: Within and Among Nations, Summary, Study Questions, Case: The Presentation, Index.
520 _aAn Overview of International Accounting and International Business, Environmental Influences on Accounting Systems and Practices, Accounting for Changing Prices, The World of Foreign Exchange, Accounting in Foreign Currency: Transactions and Translation, Additional Translation and Reporting Issues, Taxation and Transfer Pricing, Management Accounting Issues and Practices, Internal and External Audits Worldwide, Accounting Standards and Standard-Setting Process: Within and Among Nations, Summary, Study Questions, Case: The Presentation, Index.
700 1 _aArpan S. Jeffrey
_9913
700 1 _aRadebaugh Lee H
_9914
942 _cBK
999 _c674
_d674